LEADER 01346nam a2200277 i 4500 001 000000217949 003 CaOOAMICUS 005 20130107000000.0 008 130107s1902 it u000 u ita u 013 $a196846 040 $aSeMil$bita 100 0 $aPius XI,$c.$0(OLS)http://semarc/name/3465 245 10$aDue piante iconografiche di Milano, da codici manoscritti vaticani del secolo 15 /$crelazione del sac. Achille Ratti al 4. Congresso geografico italiano. 260 $aMilano :$bTip. Pontificia e Arcivescovile S. Giuseppe,$c1902. 300 $a23 p., [2] c. di tav. :$bill. ;$c35 cm. 650 4$aMilano - Carte topografiche.$0(OLS)http://semarc/subject/9715 650 4$aMilano - Toponomastica.$0(OLS)http://semarc/subject/934 850 $aSeMil 852 $aSeMil$W1$xVenegono$y1$m3O VI 23$j168363$B168363$CSeMilBibl$Z2$F179175 $81 852 $aSeMil$W1$xVenegono$y1$m5B XI 2/16$j242172$B245915$CSeMilBibl$Z2$F245915 $81 900 1 $aRatti, Achille,$d<1857-1939>. 900 0 $aPio XI$c. 996 $6245$aDue piante iconografiche di Milano, da codici manoscritti vaticani del secolo 15$9(OLS)http://semarc/title/313090 996 $6260$aMilano :$bTip. Pontificia e Arcivescovile S. Giuseppe$9(OLS)http://semarc/publisher/37567 LEADER 01133nam a2200277 i 4500 001 000000062258 003 CaOOAMICUS 005 20000315000000.0 008 000315n be u000 u lat u 013 $a33430 020 $a2503009433 040 $aSeMil$bita 245 13$aDe Arithmetica. 490 0 $aCorpus Christianorum. Series Latina ;$v94.A 700 1 $aOosthout, Henri.$0(OLS)http://semarc/name/31574 700 1 $aBoethius, Anicius Manlius Torquatus Severinus,$d<480-524>.$0(OLS)http://semarc/name/455 700 1 $aSchilling, Johannes.$0(OLS)http://semarc/name/31575 773 0 $aBoethius, Anicius Manlius Torquatus Severinus <480-524>$tOpera.$dTurnholti : Brepols, 1957.$gPars2$w()611 830 0$aCorpus Christianorum. Series Latina ;$v94.A.$0(OLS)http://semarc/title/37 850 $aSeMil 852 $aSeMil$W1$xVenegono$y1$mSL2.J II 94/A$j28411$B28411$CSeMilBibl$Z2$F28414 $8I 900 1 $aBoezio, Severino. 961 $aSottoscrizione: Brepols 996 $6020$a2503009433$9(OLS)http://semarc/number/38757 996 $6245$aDe Arithmetica$9(OLS)http://semarc/title/97972